Top 25 the largest countries in the world by area - Statistics

General Stats
  • This quiz has been taken 54 times
  • The average score is 23 of 25
Answer Stats
area in sq km (sq mi) Answer % Correct
9,984,670 (3,855,100) Canada
100%
9,596,961 (3,705,407) China
100%
17,098,246 (6,601,670) Russia
100%
8,515,767 (3,287,956) Brazil
98%
9,525,067 (3,677,649) United States
98%
2,344,858 (905,355) Democratic Republic of the Congo
96%
3,287,263 (1,269,219) India
96%
2,724,900 (1,052,100) Kazakhstan
96%
2,381,741 (919,595) Algeria
94%
2,780,400 (1,073,500) Argentina
94%
7,692,024 (2,969,907) Australia
92%
2,149,690 (830,000) Saudi Arabia
92%
1,284,000 (496,000) Chad
90%
1,910,931 (737,815) Indonesia
90%
1,648,195 (636,372) Iran
90%
1,964,375 (758,449) Mexico
90%
1,861,484 (718,723) Sudan
90%
1,564,110 (603,910) Mongolia
88%
1,759,540 (679,360) Libya
85%
1,267,000 (489,000) Niger
85%
1,240,192 (478,841) Mali
83%
1,221,037 (471,445) South Africa
83%
1,141,748 (440,831) Colombia
81%
1,285,216 (496,225) Peru
79%
1,246,700 (481,400) Angola
75%
No matching quizzes found
Score Distribution
Percent of People with Each Score
Percentile by Number Answered
Your Score History
You have not taken this quiz